00603nam a2200169 a 450000100100000000500170001000800410002704000250006808200140009310000340010724500640014125000110020526000600021630000280027695201120030499900170041600003679820200930075937.0120201s19uu dr a 000 0 spa d aDO-SdBNPbspacBNPHU axxxbC3521 aCastillo, Luis C. del,95530510aProlegomenos de enseñanza civica /cLuis C. del Castillo. a2a ed. aSanto Domingo :bImp. de J. R. Vda. García,c[s. f.]. a263 p. :bil. ;c18 cm. 0010718PDaPDbPDcHDd2012-02-01iLF1l0oxxx C352p36798-10r2020-06-25w2020-06-25yLFPDZNo se presta c36289d36289